Coupe du Monde 2022 - Liste Argentine - Statistiques

Statistiques générales
  • Ce quiz a été pris 844 fois
  • Le résultat moyen est 18 sur 27
Statistiques - réponses
Position Team Réponse % Correct
G Aston Villa Emiliano Martínez
99%
A Inter Milan Laurato Martinez
99%
D Manchester United Lisandro Martínez
99%
A Paris Saint-Germain Lionel Messi
98%
A Juventus Angel Di Maria
87%
A Manchester City Julian Alvarez
87%
A AS Roma Paulo Dybala
85%
D Lyon Nicolás Tagliafico
81%
M Atlético Madrid Rodrigo De Paul
81%
D Benfica Nicolas Otamendi
77%
D Tottenham Cristian Romero
75%
M Brighton Alexis Mac Allister
72%
M Benfica Enzo Fernandez
72%
D Atlético Madrid Nahuel Molina
68%
G Villarreal Geronimo Rulli
65%
M Juventus Leandro Paredes
65%
D FC Séville Marcos Acuna
64%
A Inter Milan Joaquín Correa
56%
D FC Séville Gonzalo Montiel
54%
Coach Lionel Scaloni
51%
M Bayer Leverkusen Exequiel Palacios
46%
M FC Séville Papu Gómez
44%
D Villareal Juan Foyth
43%
G River Plate Franco Armani
36%
M Betis Séville Guido Rodríguez
34%
A Fiorentina Nicolas Gonzalez
31%
D Real Bétis German Pezzella
24%
Aucun quiz correspondant
Distribution des résultats
% des personnes avec chaque résultat
Percentile par nombre de réponses
Votre historique - résultats
Vous n’avez pas pris ce quiz